000
00258nam a2200109Ia 4500
008
220204s9999 xx 000 0 und d
082
_a
82-3
_b
HAR
100
_a
Harrington, R E
245
4
_a
the Seven of swords
260
_a
London
_b
Sphere
_c
1978
942
_c
BK
999
_c
28516
_d
28516